Random East Asian Cities on a Map - Statistics

General Stats
  • This quiz has been taken 115 times
  • The average score is 13 of 20
Answers on the Map
Answers color-coded by a green-red scale on the quiz's map according to % correct below.
 
Answer Stats
Country Capital % Correct
Thailand Bangkok
100%
Vietnam Hanoi
100%
Japan Hiroshima
100%
Vietnam Ho Chi Minh City
100%
China Hong Kong
100%
China Lhasa
100%
Philippines Manila
100%
South Korea Seoul
100%
China Shanghai
100%
Singapore Singapore
100%
Taiwan Taipei
100%
Japan Tokyo
100%
China Urumqi
100%
China Beijing
93%
Myanmar Mandalay
91%
Myanmar naypyidaw
91%
Brunei Bandar Seri Begawan
90%
South Korea Busan
90%
Thailand Chiang Mai
90%
Cambodia Phnom Penh
90%
Mongolia Ulan Bator
90%
Philippines Cebu
89%
Malaysia Kuala Lumpur
89%
Japan Osaka
89%
North Korea Pyongyang
89%
China Guangzhou
88%
Indonesia Jakarta
88%
Philippines Davao
86%
East Timor Dili
83%
China Chongqing
82%
Indonesia Makassar
80%
Laos Vientiane
80%
Myanmar Yangon
80%
China Harbin
75%
China Wuhan
71%
Thailand Phuket
70%
Indonesia Surabaya
69%
China Hangzhou
67%
Japan Sapporo
67%
South Korea Jeju
64%
Indonesia Medan
64%
Japan Sendai
63%
Cambodia Siem Reap
60%
China Xi'an
57%
China Chengdu
56%
Indonesia Denpasar
50%
South Korea Daegu
45%
Philippines Zamboanga
45%
Indonesia Balikpapan
38%
Indonesia Palembang
38%
Indonesia Semarang
36%
Laos Savannakhet
33%
Vietnam Nha Trang
31%
North Korea Hamhung
30%
Vietnam Da Nang
29%
Taiwan Kaohsiung
29%
Malaysia Malacca
25%
Malaysia Ipoh
23%
Malaysia George Town
22%
Malaysia Kuching
22%
Laos Luangprabang
22%
North Korea Chongjin
20%
Thailand Hat Yai
14%
Indonesia Padang
11%
Thailand Khon Kaen
10%
No matching quizzes found
Score Distribution
Percent of People with Each Score
Percentile by Number Answered
Your Score History
You have not taken this quiz